| 000 | 01941nam0a2200325 i 4500 | ||
|---|---|---|---|
| 001 | RU\NLR\bibl\1902061 | ||
| 005 | 20260405173816.0 | ||
| 010 |
_a9785431600555 _9200 |
||
| 021 |
_aRU _b2012-29453 _92188 |
||
| 035 | _a(nilc)RSL-KNO-005431811 | ||
| 035 | _a(NLR Aleph) 001891676 | ||
| 090 |
_a2928315 _c2928315 |
||
| 100 | _a20120426d2012 u y0rusy50 ca | ||
| 101 | 0 | _arus | |
| 102 | _aRU | ||
| 105 | _aa ||||||||| | ||
| 200 | 1 |
_aОсновы языка взаимодействия автоматизированных систем - EXPRESS _eучебное пособие _e[для студентов специальностей 160801 (Ракетостроение), 16002 (Космические летательные аппараты и разгонные блоки) и 160201 (Самолето- и вертолетостроение), изучающих дисциплины "Информатика" и "Автоматизация технологической подготовки производств"] _fИ.А. Федоров _gМ-во образования и науки Рос. Федерации, Моск. авиац. ин-т (Нац. исслед. ун-т) |
|
| 210 |
_aМосква _cИзд-во МАИ _d2012 |
||
| 215 |
_a95, [1] с. _cил. _d21 |
||
| 320 | _aБиблиогр.: с. 95 (3 назв.) | ||
| 606 |
_aEXPRESS, язык информационного моделирования _jУчебные издания для высших учебных заведений _92128540 _3RU\NLR\auth\661588351 |
||
| 686 |
_aЗ973.2-018.19EXPRESS.я73-1 _2rubbk |
||
| 686 | _aЗ973.23-018.1я73-1 | ||
| 700 | 1 |
_4070 _7ca _8rus _aФедоров _bИ. А. _cканд. техн. наук _gИлья Александрович _958062 _3RU\NLR\auth\7775134 |
|
| 801 | 0 |
_aRU _bRuMoRKP _c20120426 _grcr |
|
| 801 | 1 |
_aRU _bРГБ _c20120426 |
|
| 801 | 2 |
_aRU _bNLR _c20120512 _grcr |
|
| 942 | _cBOOK | ||
| 980 | _aNBR | ||